000170980 001__ 170980
000170980 005__ 20260430151736.0
000170980 0247_ $$2doi$$a10.6018/rie.677311
000170980 0248_ $$2sideral$$a149023
000170980 037__ $$aART-2026-149023
000170980 041__ $$aeng
000170980 100__ $$aOrtriz-Marcos, J. M.
000170980 245__ $$aEthnic, Cultural, and Religious Inequalities in Adolescent Cyberbullying: A Critical Approach
000170980 260__ $$c2026
000170980 5060_ $$aAccess copy available to the general public$$fUnrestricted
000170980 5203_ $$aEl estudio “cibervíctima a ciberagresor” analiza la relación que se da entre la victimización digital y la agresión en adolescentes, con especial atención a las variables étnicas, religiosas y culturales. La muestra del estudio consta de 1.478 estudiantes de secundaria del sur de España, utilizando un cuestionario validado para medir experiencias de ciberacoso desde un enfoque intercultural. Los resultados revelan que pertenecer a una minoría étnica o religiosa aumenta significativamente el riesgo de ser víctima o agresor en entornos digitales. Las etnias gitana, armenia y mongola, así como religiones como el judaísmo, islam y budismo se asocian con mayor exposición a la ciberviolencia. El estudio también confirma que haber sido víctima de ciberacoso incrementa la probabilidad de adoptar comportamientos agresivos, reforzando la hipótesis del ciclo de violencia digital. Este fenómeno se ve agravado por factores como la invisibilidad institucional, la ley del silencio entre adolescentes y el “efecto Coliseum”, que multiplica el daño emocional al viralizar contenidos agresivos. El análisis estadístico, mediante modelos de ecuaciones estructurales y chi-cuadrado, mostró asociaciones significativas entre cultura, etnia y religión con los roles de víctima y agresor. El modelo presentó un poder predictivo moderado (R² = 0.248), confirmando que la cibervictimización es un factor clave en la aparición de conductas de ciberacoso. En conclusión, el estudio analiza la necesidad imperante de aplicar políticas educativas interculturales, herramientas tecnológicas de prevención, y un enfoque interseccional para combatir la violencia digital entre adolescentes desde una perspectiva inclusiva.
000170980 536__ $$9info:eu-repo/grantAgreement/ES/MCIU/PID2024-161044OB-I00
000170980 540__ $$9info:eu-repo/semantics/openAccess$$aby-nc-nd$$uhttps://creativecommons.org/licenses/by-nc-nd/4.0/deed.es
000170980 655_4 $$ainfo:eu-repo/semantics/article$$vinfo:eu-repo/semantics/publishedVersion
000170980 700__ $$0(orcid)0000-0001-5339-0282$$aInvernon Gómez, A. I.$$uUniversidad de Zaragoza
000170980 700__ $$aMedina-García, M.
000170980 700__ $$aHigueras Rodríguez, L.
000170980 7102_ $$14001$$2625$$aUniversidad de Zaragoza$$bDpto. Ciencias de la Educación$$cÁrea Métod.Invest.Diag.Educac.
000170980 773__ $$g44 (2026), 33 p.$$pRIE, Rev. invest. educ.$$tRevista de Investigacion Educativa$$x0212-4068
000170980 8564_ $$s152002$$uhttps://zaguan.unizar.es/record/170980/files/texto_completo.pdf$$yVersión publicada
000170980 8564_ $$s3313625$$uhttps://zaguan.unizar.es/record/170980/files/texto_completo.jpg?subformat=icon$$xicon$$yVersión publicada
000170980 909CO $$ooai:zaguan.unizar.es:170980$$particulos$$pdriver
000170980 951__ $$a2026-04-30-13:58:21
000170980 980__ $$aARTICLE